<?xml version="1.0" encoding="utf-8"?>
<?xml-stylesheet type='text/xsl' href='./oai2.xsl'?>
<OAI-PMH xmlns="http://www.openarchives.org/OAI/2.0/" xmlns:xsi="http://www.w3.org/2001/XMLSchema-instance" xsi:schemaLocation="http://www.openarchives.org/OAI/2.0/ http://www.openarchives.org/OAI/2.0/OAI-PMH.xsd">
  <responseDate>2026-04-30T08:31:13Z</responseDate>
  <request verb="GetRecord" metadataPrefix="marcxml" identifier="record_kuniweb_21984">https://kulturerbe.niedersachsen.de/oai</request>
  <GetRecord>
    <record>
      <header>
        <identifier>record_kuniweb_21984</identifier>
        <datestamp>2015-06-19T12:07:43Z</datestamp>
        <setSpec>slg0103</setSpec>
      </header>
      <metadata>
        <marc:record xmlns:marc="http://www.loc.gov/MARC21/slim" xsi:schemaLocation="http://www.loc.gov/MARC21/slim http://www.loc.gov/standards/marcxml/schema/MARC21slim.xsd">
          <marc:leader>12345nem  22     uu 4500</marc:leader>
          <marc:controlfield tag="001">21984</marc:controlfield>
          <marc:controlfield tag="003">http://kuniweb.gbv.de</marc:controlfield>
          <marc:controlfield tag="005">2015-04-14T18:19:08</marc:controlfield>
          <marc:controlfield tag="008">|           ||||||||||||||||||||||</marc:controlfield>
          <marc:datafield tag="245" ind1="1" ind2="0">
            <marc:subfield code="a">Oldenburg Comitatus</marc:subfield>
          </marc:datafield>
          <marc:datafield tag="700" ind1="1" ind2=" ">
            <marc:subfield code="a">Hamersveldt,</marc:subfield>
            <marc:subfield code="e">Kupferstecher</marc:subfield>
          </marc:datafield>
          <marc:datafield tag="655" ind1=" " ind2="7">
            <marc:subfield code="a">Karten</marc:subfield>
          </marc:datafield>
          <marc:datafield tag="046" ind1=" " ind2=" ">
            <marc:subfield code="k">1643</marc:subfield>
            <marc:subfield code="k">Veröffentlichung 1643</marc:subfield>
          </marc:datafield>
          <marc:datafield tag="260" ind1=" " ind2=" ">
            <marc:subfield code="g">1643</marc:subfield>
            <marc:subfield code="g">Veröffentlichung 1643</marc:subfield>
          </marc:datafield>
          <marc:datafield tag="300" ind1=" " ind2=" ">
            <marc:subfield code="a">Höhe: 37,5 cm
Breite: 49,5 cm</marc:subfield>
          </marc:datafield>
          <marc:datafield tag="520" ind1=" " ind2=" ">
            <marc:subfield code="a">Maßstäbe (in cm): 2 gewöhnliche deutsche Meilen = 7,7 – 2 gewöhnliche französische Meilen = 5,8
Ausrichtung: Westen
Rückseite: Blatt 22, eineinhalb Seiten französischer Text über die Grafschaft Oldenburg mit Textübergang qu’on, abgeschlossen mit einem dreieckigen Rankenmuster, Ordnungsmarkierungen Allemagne und S

Anmerkungen: 
Bei Mellum Hinweis auf eine versunkene Burg der oldenburgischen Grafen. – Siehe Karte Oldenburg 02 b

Literatur in Zusammenhang:
Georg Sello: Die oldenburgische Kartographie bis zum Ende des 18. Jahrhunderts, in Deutsche Geographische Blätter, Band 18/1895 (S. 350 bis 372), S. 370 f., und Band 19/1896 (S. 41 bis 58), S. 41 ff.

Veröffentlicht in:
als Blatt 22 in dem Atlas „Le Theatre du Monde ou Nouvel Atlas ...“ von und bei Willem und Joan Blaeu, Amsterdam 1638, und im ersten Band der dreibändigen Ausgabe bei Joan und Willem F. Blaeu 1640-43, Amsterdam 1643

Literatur in Zusammenhang:
C. Koeman und Krogt, P. C. J. van der, „The folio atlases published by Willem Jansz. Blaeu and Joan Blaeu. Koeman's atlantes Neerlandici ; Vol. 2“. HES, 't Goy-Houten, 2000. (S. 513 Nr. 2320:2.2, 2:212-3)</marc:subfield>
          </marc:datafield>
          <marc:datafield tag="650" ind1="1" ind2=" ">
            <marc:subfield code="a">Landkarte</marc:subfield>
          </marc:datafield>
          <marc:datafield tag="773" ind1="0" ind2=" ">
            <marc:subfield code="t">Sammlung Körber-Einbeck</marc:subfield>
          </marc:datafield>
          <marc:datafield tag="852" ind1=" " ind2=" ">
            <marc:subfield code="a">Institut für Historische Landesforschung der Universität Göttingen</marc:subfield>
          </marc:datafield>
          <marc:datafield tag="" ind1=" " ind2=" ">
            <marc:subfield code="a">Namensnennung-Nicht kommerziell 4.0 International (CC BY-NC 4.0))</marc:subfield>
          </marc:datafield>
        </marc:record>
      </metadata>
    </record>
  </GetRecord>
</OAI-PMH>
